000 00335 a2200157 4500
001 175343
020 _a85-345-0535-7
040 _cMagnum
100 _aAzevedo, Eglom de
240 1 0 _aGeografia 8
_lpor
245 1 0 _aGeografia 8
300 _a206
362 0 _a1998
697 _aHISTÓRIA - GEOGRAFIA - BIOGRAFIAS
942 _cBK
999 _c175343
_d175343